| 000 | 02034cam a2200505 i 4500 | ||
|---|---|---|---|
| 001 | 768714001 | ||
| 003 | CO-MdFUSB | ||
| 005 | 20210520124727.0 | ||
| 007 | ta | ||
| 008 | 010809t2001 tnu b 000 0 eng | ||
| 010 | _a 2001270858 | ||
| 020 | _a0785268839 | ||
| 020 | _a9780785268833 | ||
| 020 |
_a0785287965 _qpaperback |
||
| 020 |
_a9780785287964 _qpaperback |
||
| 020 |
_a0785266941 _qpaperback |
||
| 020 |
_a9780785266945 _qpaperback |
||
| 040 |
_aDLC _beng _cCO-MdFUSB _dGZM _dCO-MdFUSB _dBAKER _dBTCTA _dUKM _dCLE _dCVN _dYDXCP _dSXC _dILC _dTXBXL _dYOL _erda |
||
| 041 | _aeng | ||
| 082 | 4 |
_223 _a248.842 _bE378 |
|
| 100 | 1 |
_aEldredge, John, _d1960- _eautor |
|
| 240 | _aSalvaje de corazón. | ||
| 245 | 1 | 0 |
_aWild at heart : _bdiscovering the secret of a man's soul _c/ John Eldredge. |
| 264 | 1 |
_aNashville, Tenn. : _bThomas Nelson, _c[2001] |
|
| 264 | 4 | _c© 2001 | |
| 300 |
_axii, 223 páginas ; _c22 cm. |
||
| 336 |
_atexto _btxt _2rdacontent. |
||
| 337 |
_asin mediación _bn _2rdamedia. |
||
| 338 |
_avolumen _bnc _2rdacarrier. |
||
| 504 | _aIncluye referencias bibliográficas. | ||
| 505 | 0 | _aSalvaje de corazón - El salvaje cuya imagen llevamos - La pregunta que persigue a cada hombre - La herida - La batalla por el corazón de un hombre - La voz del padre - Curando la herida - Una batalla para luchar: el enemigo - Una batalla para luchar: la estrategia - Una belleza para rescatar - Una aventura para vivir - Escribir el próximo capítulo. | |
| 520 | _aEldredge cree que, en lugar de ser un tipo realmente agradable, cada hombre "anhela batallas para luchar, una aventura para vivir y una belleza para rescatar". | ||
| 563 | _aRústico | ||
| 650 | 0 |
_aVida cristiana _919 |
|
| 650 | 0 |
_aHombres (Teología cristiana) _91269 |
|
| 653 | _aHombres -- Vida cristiana. | ||
| 942 | _cBK | ||
| 945 | _aJTF-925 | ||
| 999 |
_c66255 _d66255 |
||